[Event "VII Sunway Sitges Open 2020"]
[Site "Sitges"]
[Date "2020.12.15"]
[Round "3.4"]
[White "Vasquez Schroeder, Rodrigo"]
[Black "Santos Latasa, Jaime"]
[Result "1/2-1/2"]
[WhiteElo "2441"]
[BlackElo "2600"]
[Annotator "TA"]
[PlyCount "94"]
[EventDate "2020.12.13"]
[EventType "swiss"]
[EventCountry "ESP"]
[SourceTitle "playchess.com"]
[Source "ChessBase"]
[SourceQuality "1"]

{[%evp 14,94,18,11,29,0,0,0,0,0,0,0,-1,-12,0,0,0,-8,0,0,17,16,16,15,16,16,16,18,11,14,29,25,26,0,0,-23,52,56,61,53,63,53,95,95,81,46,48,48,66,45,58,54,37,26,56,50,50,50,43,45,62,59,62,40,79,8,7,3,17,17,17,29,52,41,78,78,80,80,87,66,69,51,83]} 1. d4 Nf6 2. Nf3 d5 3. e3 c6 4. c4 Bf5 5. Nc3 e6 6. Bd3 Bg6 7. O-O Nbd7 8. b3 Bd6 {8...Bb4 gains popularity. D12: Slav Defence: 3 Nf3 Nf6 4 e3 Bf5.} 9. Qc2 Bh5 10. Be2 O-O {The position is equal.} 11. Bb2 {[#]} Re8 $146 ({Predecessor:} 11... Rc8 12. e4 dxe4 13. Nxe4 Bb8 14. Ba3 Nxe4 15. Qxe4 Re8 16. Ne5 Nf6 17. Qd3 Bxe2 18. Qxe2 Qxd4 {0-1 (31) Zaidman,I (1941)-Robledo,C (2155) Buenos Aires 2016}) 12. Rfd1 Qe7 13. g3 Rac8 14. Rac1 a6 15. Nh4 Bxe2 16. Qxe2 Qf8 17. e4 dxe4 18. Nxe4 Nxe4 19. Qxe4 Ba3 20. Bxa3 Qxa3 21. Rc2 a5 22. Nf3 a4 23. bxa4 Qxa4 24. Rb1 Qa6 ({Better is} 24... c5 $11) 25. c5 $1 $14 Nf6 26. Qe2 Qa7 27. Rcb2 Re7 28. Rb3 Ra8 29. Qb2 Nd5 30. a3 f6 31. Kg2 Qa6 32. Qc2 Ra7 33. R1b2 Nc7 34. Rb6 Qa4 35. Qxa4 Rxa4 36. Rxb7 Nd5 37. Rb8+ Kf7 38. Rc8 Ra6 39. Nd2 ({White should play} 39. h4 $16) 39... Rxa3 $11 40. Rxc6 Rd3 41. Nf3 g5 $1 42. Rd2 $36 {[%mdl 2048] White has good play.} Rc3 43. Ra6 h5 44. h4 g4 45. Ng1 Rb3 46. Ra1 Kg6 47. Ne2 Kf5 {Weighted Error Value: White=0.09/Black=0.11} 1/2-1/2

[Event "VII Sunway Sitges Open 2020"]
[Site "Sitges"]
[Date "2020.12.15"]
[Round "3.5"]
[White "Santos Ruiz, Miguel"]
[Black "Niemann, Hans Moke"]
[Result "1-0"]
[WhiteElo "2581"]
[BlackElo "2472"]
[Annotator "TA"]
[PlyCount "77"]
[EventDate "2020.12.13"]
[EventType "swiss"]
[EventCountry "ESP"]
[SourceTitle "playchess.com"]
[Source "ChessBase"]
[SourceQuality "1"]

{[%evp 9,77,22,39,33,31,31,36,21,39,41,49,36,28,35,35,34,29,23,33,0,100,103,99,91,128,150,194,135,143,146,141,115,151,163,157,150,202,208,207,193,301,300,426,421,418,421,603,601,577,316,347,343,322,329,411,406,408,342,350,324,352,354,332,353,991,1012,1004,972,884,924]} 1. e4 e5 2. Nf3 Nc6 3. Bc4 Nf6 4. d3 h6 5. c3 d6 6. a4 {[%cal Ba2a4,Ba4a5][%mdl 32] C55: Two Knights: 4 d3, 4 d4 exd4 5 e5 and Max Lange Attack.} g5 7. Qb3 Qe7 8. a5 {[#] White is slightly better.} Bg7 $146 ({Predecessor:} 8... a6 9. h3 Bg7 10. Nbd2 Nd7 11. g4 Nc5 12. Qc2 h5 13. Rg1 hxg4 14. hxg4 Ne6 {0-1 (34) Chigaev,M (2588)-Sethuraman,S (2644) chess.com INT 2020}) 9. Nbd2 {[%cal Bb1d2,Bd2f1,Bf1e3][%mdl 32]} Nd8 10. Nf1 g4 11. Ng1 c6 12. Ne3 h5 13. Ne2 Bh6 14. O-O Be6 (14... h4 $11 {keeps the balance.}) 15. f4 $16 gxf3 16. Rxf3 d5 17. exd5 cxd5 18. Bb5+ (18. Nxd5 Nxd5 19. Bxh6 Rxh6 $17) (18. Qb5+ $18 Bd7 19. Nxd5 Nxd5 20. Qxd5) 18... Kf8 19. Nf5 $36 {[%mdl 2048] Black is under strong pressure.} Bxf5 20. Rxf5 a6 21. Ba4 Ne6 22. Qb6 (22. Rxe5 $6 Bxc1 23. Nxc1 (23. Rxc1 Ng4 $11) 23... Nc5 $14) 22... Rd8 (22... Rc8 $16 {was necessary.} 23. h3 (23. Rxe5 Ng4 $14) 23... Bxc1) 23. Bxh6+ $18 (23. Rxe5 $6 Ng4 $16) 23... Rxh6 {[#]} 24. Raf1 $1 (24. Rxe5 Ng4 $17) 24... Rg6 (24... d4 $142 25. Bb3 (25. Rxe5 Ng4 $14) 25... Rd6) 25. Qf2 (25. Rxe5 Ng4 $16) 25... Nc5 (25... Ng5 $142 26. Rxg5 (26. Rxf6 $2 Nh3+ {[%mdl 64] Double Attack} 27. Kh1 Nxf2+ $19) 26... Rxg5) 26. Bc2 ({Weaker is} 26. Rxf6 Rxf6 27. Qxf6 Qxf6 $11) 26... Ncd7 27. d4 Kg8 (27... Rg7 $142 28. dxe5 Nxe5 29. Rxe5 Qxe5) 28. dxe5 Ng4 29. Qd4 Ndxe5 {[#]} 30. Rxf7 $3 {[%mdl 512]} Nxf7 31. Bxg6 Nfh6 32. Nf4 h4 33. Nxd5 {[%cal Rd5e7]} Qd6 {[%csl Gg4][%cal Rd6h2]} 34. Bf7+ Kh7 {[%csl Gg4][%cal Rd6h2]} 35. Rf4 Qe5 36. Nf6+ {[%mdl 64] Discovered Attack, Overworked Piece} Qxf6 $2 (36... Kg7 37. Ne8+ (37. Nxg4 Rxd4 38. Nxe5 Rxf4 $17) (37. Rxg4+ Nxg4 38. Qxg4+ Kxf6 $17) 37... Kh7 38. Qxe5 Nxe5) 37. Qe4+ {[%mdl 64] Double Attack. White is clearly winning.} ({Inferior is} 37. Qxf6 Nxf6 38. Rxf6 Kg7 $11) 37... Kg7 38. Rxf6 Nxf6 39. Qg6+ {Weighted Error Value: White=0.16/Black=0.26} 1-0

[Event "VII Sunway Sitges Open 2020"]
[Site "Sitges"]
[Date "2020.12.15"]
[Round "3.6"]
[White "Cornette, Matthieu"]
[Black "Maurizzi, Marc Andria"]
[Result "1/2-1/2"]
[WhiteElo "2558"]
[BlackElo "2445"]
[Annotator "TA"]
[PlyCount "54"]
[EventDate "2020.12.13"]
[EventType "swiss"]
[EventCountry "ESP"]
[SourceTitle "playchess.com"]
[Source "ChessBase"]
[SourceQuality "1"]

{[%evp 29,41,9,20,9,9,0,13,0,0,-9,0,-8,6,2]} 1. e4 e5 2. Nf3 Nc6 3. Bb5 a6 4. Ba4 Nf6 5. O-O Nxe4 6. d4 b5 7. Bb3 d5 8. dxe5 Be6 9. Qe2 Be7 10. Rd1 O-O 11. c4 bxc4 12. Bxc4 Bc5 13. Be3 Bxe3 14. Qxe3 Qb8 15. Bb3 Qb6 {The position is equal.} 16. Qxb6 {C81: Open Ruy Lopez: Keres Variation (9 Qe2).} cxb6 17. Na3 {[%cal Bb1a3,Ba3c2,Bc2d4][%mdl 32]} Rfd8 18. Nc2 Na5 19. Ncd4 Nc4 20. Rab1 Rac8 21. h3 {[#] A rather calm draw.  Weighted Error Value: White=0.06/Black=0.00} {Predecessor:} g6 $146 22. Bc2 Bd7 23. Re1 Nc5 24. Re2 a5 25. Kh2 Re8 26. g4 Re7 27. b3 Na3 {½-½ (60) Kovalev,V (2664)-Wagner,D (2572) Douglas 2018} 1/2-1/2

[Event "VII Sunway Sitges Open 2020"]
[Site "Sitges"]
[Date "2020.12.15"]
[Round "3.7"]
[White "Plat, Vojtech"]
[Black "Esplugas Esteve, Vicenc"]
[Result "1-0"]
[WhiteElo "2562"]
[BlackElo "2319"]
[Annotator "TA"]
[PlyCount "43"]
[EventDate "2020.12.13"]
[EventType "swiss"]
[EventCountry "ESP"]
[SourceTitle "playchess.com"]
[Source "ChessBase"]
[SourceQuality "1"]

{[%evp 13,43,18,10,-4,50,4,22,25,68,56,62,37,64,66,62,59,73,72,69,65,162,158,170,161,236,231,399,401,407,405,885,863]} 1. e4 e6 2. d4 d5 3. Nd2 Be7 4. Bd3 c5 5. dxc5 Nf6 6. exd5 Qxd5 7. Ngf3 Nbd7 {7...Qxc5 is the hot move.} 8. b4 {[%cal Bb2b4,Bb4b5][%mdl 32] C03: French Tarrasch: Unusual Black 3rd moves.} b6 (8... a5 $11) 9. O-O bxc5 10. b5 {The position is equal.} O-O 11. Bb2 Bb7 {[#]} 12. Re1 $146 ({Predecessor:} 12. Qe2 Bd6 13. c4 Qh5 14. h3 Rad8 15. Rad1 Rfe8 16. a4 Nd5 17. Ne1 Qxe2 {½-½ (17) Burridge,R (2074)-Cheek,C (2086) ICCF email 2015}) 12... Rad8 13. a4 {[%cal Ba2a4,Ba4a5][%mdl 32]} Qh5 14. Ne5 Qxd1 15. Raxd1 Nb6 16. a5 $36 {[%mdl 2048] White has the initiative.} Nbd5 ({Better is} 16... Na4 $14 17. Ndc4 Nxb2 18. Nxb2 Rd4) 17. c4 Nf4 {[#]} 18. Bf1 $1 Nd7 (18... Ng6 {keeps fighting.} 19. Nxg6 hxg6) 19. Nb3 $18 Nf6 $2 (19... Nxe5 20. Bxe5 Ng6) 20. Ba3 Rc8 21. Nd7 Ne4 (21... Rfd8 $142) 22. Nxf8 {Black got outplayed after the opening.  Weighted Error Value: White=0.07/Black=0.44} 1-0

[Event "VII Sunway Sitges Open 2020"]
[Site "Sitges"]
[Date "2020.12.15"]
[Round "3.8"]
[White "Gines Esteo, Pedro Antonio"]
[Black "Fier, Alexandr"]
[Result "1/2-1/2"]
[WhiteElo "2437"]
[BlackElo "2558"]
[Annotator "TA"]
[PlyCount "104"]
[EventDate "2020.12.13"]
[EventType "swiss"]
[EventCountry "ESP"]
[SourceTitle "playchess.com"]
[Source "ChessBase"]
[SourceQuality "1"]

{[%evp 13,104,11,18,13,16,19,18,3,3,16,16,15,7,5,10,6,19,0,0,0,0,-5,-6,-8,-6,-17,-9,-10,-8,-42,-31,-32,-14,-23,0,-47,-34,-27,0,-19,-20,-63,-10,-31,-10,-31,-31,-31,-31,-31,-31,-31,-31,-31,-31,-31,-31,-37,-31,-31,-15,-9,-2,-4,-4,-9,-9,-12,-12,-11,-11,-11,0,0,0,0,0,0,0,-2,0,0,0,0,0,0,0,0,0,0,0,0,0]} 1. d4 d5 2. c4 c6 3. Nf3 Nf6 4. e3 e6 5. Bd3 dxc4 6. Bxc4 Nbd7 7. O-O Bd6 8. Nbd2 {D30: Queen's Gambit Declined: Systems without Nc3.} O-O 9. Bd3 c5 10. Nc4 Be7 11. b3 b6 12. Bb2 {[#]} cxd4 $146 ({Predecessor:} 12... Bb7 13. Qe2 cxd4 14. Nxd4 Nc5 15. Bc2 Qd5 16. f3 Qh5 17. e4 Rac8 18. a4 Ncd7 {½-½ (44) Halkias,S (2579)-Papin,V (2479) Kavala 2008}) 13. Nxd4 Bb7 14. Rc1 a6 15. Qe2 Rc8 16. Rfd1 b5 17. Nd2 Rxc1 18. Rxc1 Qa8 19. Qf1 Rd8 20. Be2 Bb4 21. N2f3 Ne4 22. Rc2 Bd6 23. Qc1 Ndf6 24. h3 Nd5 {Hoping for ...Nb4.} 25. a3 b4 26. Bc4 a5 27. Nb5 Ndc3 (27... Bf8 $15) 28. axb4 axb4 {Threatens to win with ...Bh2+!} 29. Nxc3 (29. Bxc3 {seems wilder.} bxc3 30. Nfd4 Bb4 31. f3 Ng3 32. Nxc3 h5 33. Ra2) 29... bxc3 30. Bxc3 Nxc3 31. Rxc3 Bxf3 32. gxf3 Qxf3 33. Bf1 Qb7 34. Bg2 Qb8 35. Bf3 g6 36. Kg2 Be5 37. Rc5 {The position is equal.} Bf6 38. Qc4 Kg7 39. Rb5 Qd6 40. Rb7 Qe5 41. Qc7 Qxc7 42. Rxc7 $11 {[%mdl 4096] Endgame KRB-KRB} Rd3 43. Rb7 Rd2 {White should prevent ...Bh4.} 44. Kf1 Bh4 45. Be2 Rd5 46. Rb5 Rd6 47. b4 h5 48. Rc5 Rd2 49. b5 Rb2 50. Rc7 Bd8 51. Rd7 Bb6 52. Rd6 Bc7 {Weighted Error Value: White=0.06/Black=0.06} 1/2-1/2

[Event "VII Sunway Sitges Open 2020"]
[Site "Sitges"]
[Date "2020.12.15"]
[Round "3.9"]
[White "Bulmaga, Irina"]
[Black "Krysa, Leandro"]
[Result "1/2-1/2"]
[WhiteElo "2424"]
[BlackElo "2531"]
[Annotator "TA"]
[PlyCount "36"]
[EventDate "2020.12.13"]
[EventType "swiss"]
[EventCountry "ESP"]
[SourceTitle "playchess.com"]
[Source "ChessBase"]
[SourceQuality "1"]

{[%evp 15,36,27,8,15,20,20,15,17,22,13,11,3,42,62,54,52,57,0,2,0,48,0,0]} 1. e4 e5 2. Nf3 Nc6 3. d4 exd4 4. Nxd4 Bc5 5. Be3 Qf6 6. c3 Nge7 7. Bc4 O-O 8. O-O b6 9. Nxc6 {C45: Scotch Game.} Qxc6 10. Bxc5 Qxc5 11. Na3 d6 {[#]} 12. b4 $146 ({Predecessor:} 12. Qd4 a6 13. Rfe1 Bb7 14. Nc2 Rfe8 15. Qxc5 dxc5 16. f3 {1-0 (16) Sapundjiev,G (2392)-Gil,M (2603) ICCF email 2010}) 12... Qc6 13. Qd3 Be6 14. Bb5 Qb7 15. Ba6 $1 {[%cal Ra6b7]} Qc6 16. Bb5 ({Better is} 16. Nc2 $14) 16... Qb7 $11 17. Ba6 Qc6 18. Bb5 Qb7 1/2-1/2

[Event "VII Sunway Sitges Open 2020"]
[Site "Sitges"]
[Date "2020.12.15"]
[Round "3.10"]
[White "Unuk, Laura"]
[Black "Checa, Nicolas"]
[Result "0-1"]
[WhiteElo "2346"]
[BlackElo "2527"]
[Annotator "TA"]
[PlyCount "78"]
[EventDate "2020.12.13"]
[EventType "swiss"]
[EventCountry "ESP"]
[SourceTitle "playchess.com"]
[Source "ChessBase"]
[SourceQuality "1"]

{[%evp 9,78,25,28,18,37,20,25,16,54,3,6,0,3,-14,-14,-14,-14,-14,-15,-18,-18,-29,-28,-64,-70,-66,-59,-87,-87,-85,-85,-79,-69,-67,26,-197,-187,-193,-177,-342,-360,-358,-340,-1462,-458,-429,-416,-329,-352,-1069,-1068,-1011,-1075,-1035,-1034,-1601,-1606,-1585,-1591,-1402,-1409,-29982,-29977,-29971,-12797,-29982,-29983,-12837,-12833,-2056,-1143]} 1. d4 d5 2. c4 c6 3. Nf3 Nf6 4. e3 Bf5 5. Nc3 a6 6. Bd3 {D15: Slav Defence: 4 Nc3 a6 and gambit lines after 4 Nc3 dxc4.} Bg6 7. O-O e6 8. Ne5 {White has an edge.} Nbd7 9. f4 ({White should play} 9. Nxg6 $14 hxg6 10. g3) 9... Bxd3 $11 10. Qxd3 Bb4 {[#]} 11. Bd2 $146 ({Predecessor:} 11. Ne2 Bd6 12. b4 Ne4 13. Rb1 f6 14. Nxd7 Qxd7 15. c5 Bc7 16. a4 O-O 17. b5 axb5 18. axb5 {½-½ (58) Landa,K (2662)-Swinkels,R (2512) Rosmalen 2014}) 11... Bxc3 12. Bxc3 O-O 13. a4 Ne4 14. Bb4 Re8 15. a5 f5 16. Qb3 Nxe5 17. fxe5 b5 18. cxb5 cxb5 19. Rac1 Rc8 20. Qa3 Rxc1 21. Rxc1 Qh4 (21... Qb8 $15) 22. g3 $2 {This move loses the game for White.} (22. Be1 $11 Qg5 23. Qd3) 22... Qg4 $19 {Strongly threatening ...Qe2.} 23. Qd3 {[#]} Ng5 $1 $40 {[%mdl 128] Hoping for ...Qf3! Black has strong attack.} (23... Qf3 24. Rf1 $15) 24. Rc3 $2 (24. Rf1) 24... h5 ({Resist} 24... Nh3+ 25. Kg2 $19) 25. Qf1 h4 ({Don't play} 25... Nh3+ 26. Kg2 $19) 26. Qg2 $2 (26. Rc7) 26... Qd1+ (26... Nh3+ $142 27. Qxh3 Qxh3 28. gxh4 Qg4+ {[%mdl 64] Zwischenzug} 29. Kf2 Qxh4+ 30. Kg2 Qg4+ 31. Kf2 f4) 27. Qf1 Qd2 28. gxh4 Ne4 ({Weaker is} 28... Qxb2 29. hxg5 Qxb4 30. Qa1 $15) 29. Qc1 $2 (29. Rb3 Qc2 30. Rd3) 29... Qf2+ {[%mdl 64] [#] Double Attack} 30. Kh1 Nxc3 31. bxc3 Qxh4 {[%mdl 4096] Endgame KQR-KQB} 32. Kg2 Kf7 33. Qf1 Rh8 34. Qf4 Qh3+ 35. Kg1 Rh4 36. Qf2 Qg4+ 37. Qg2 Qd1+ 38. Kf2 Qd2+ 39. Kf3 Rxh2 {Weighted Error Value: White=1.20/Black=0.21} 0-1

[Event "VII Sunway Sitges Open 2020"]
[Site "Sitges"]
[Date "2020.12.15"]
[Round "3.11"]
[White "Bellahcene, Bilel"]
[Black "Msellek, Ilyass"]
[Result "1-0"]
[WhiteElo "2510"]
[BlackElo "2316"]
[Annotator "TA"]
[PlyCount "69"]
[EventDate "2020.12.13"]
[EventType "swiss"]
[EventCountry "ESP"]
[SourceTitle "playchess.com"]
[Source "ChessBase"]
[SourceQuality "1"]

{[%evp 11,69,0,0,0,0,2,41,40,39,28,77,64,70,62,89,83,163,161,172,119,188,109,98,80,123,120,145,135,141,166,171,136,136,126,135,153,177,138,154,158,252,258,247,256,300,300,300,290,381,387,434,434,433,427,583,577,667,656,634,627]} 1. d4 d5 2. Nf3 Nf6 3. e3 e6 4. Bd3 c5 5. c3 Nc6 6. Nbd2 Bd6 7. dxc5 {D05: Colle System with ...e6.} Bxc5 8. b4 $1 {[%cal Bb2b4,Bb4b5][%mdl 4] is now more promising than 8.0-0.} Bb6 9. b5 {[#] White is slightly better.} Nb8 $146 ({Predecessor:} 9... Ne7 10. O-O O-O 11. c4 Ng6 12. Bb2 a6 13. a4 axb5 14. axb5 Rxa1 15. Qxa1 dxc4 16. Bxc4 {1-0 (60) Henriquez Villagra,C (2587)-Trepat Herranz,J (2395) Vallfogona de Balague 2019}) 10. c4 Nbd7 11. O-O Nc5 12. Be2 a6 13. bxa6 bxa6 (13... O-O $16 {is a better defense.}) 14. Ba3 $18 Bb7 15. Rb1 (15. cxd5 $18 Bxd5 16. Rc1) 15... Rb8 (15... Nfd7 $16) 16. Qc2 (16. Nb3 $18 Nce4 17. Qc2) 16... Nfd7 $16 17. Nb3 {Threatens to win with cxd5.} dxc4 18. Qxc4 {[%cal Rb3c5]} Bd5 {[#]} 19. Qd4 $1 Nxb3 20. Qxg7 Qf6 21. Qxf6 Nxf6 22. axb3 Rg8 23. Rfc1 Bd8 24. Bd6 Rb6 25. Bc5 Rxb3 (25... Rb7 $16 {was called for.} 26. b4 Nd7) 26. Rxb3 $18 Bxb3 27. Bxa6 {[#] Black must now prevent Bb5+.} Be7 28. Bd4 {aiming for Rc8+.} Kf8 29. Ne5 Kg7 30. Rc7 Nd5 31. Rb7 {White is clearly winning.} Ra8 32. Bd3 Ba2 33. e4 Ra4 34. Bb2 Rb4 35. Nc6+ {[%mdl 64] Double Attack.  Weighted Error Value: White=0.09/Black=0.31} 1-0

[Event "VII Sunway Sitges Open 2020"]
[Site "Sitges"]
[Date "2020.12.15"]
[Round "3.12"]
[White "Grigoryan, Karen H."]
[Black "Romanishin, Oleg M"]
[Result "1-0"]
[WhiteElo "2659"]
[BlackElo "2402"]
[Annotator "TA"]
[PlyCount "131"]
[EventDate "2020.12.13"]
[EventType "swiss"]
[EventCountry "ESP"]
[SourceTitle "playchess.com"]
[Source "ChessBase"]
[SourceQuality "1"]

{[%evp 9,131,-13,14,0,45,41,60,54,52,44,56,54,44,34,42,11,31,14,35,35,36,34,41,35,40,8,14,16,22,9,19,26,43,40,43,26,40,0,0,0,40,37,46,45,33,35,118,118,107,107,109,108,95,95,86,62,108,96,106,90,118,103,115,62,132,93,95,95,108,92,98,85,124,124,132,131,124,88,139,80,144,56,122,133,143,147,104,107,168,163,202,70,137,154,163,139,161,167,162,150,224,221,299,310,689,740,718,628,696,697,1259,564,547,305,290,300,492,492,604,312,29981,29981,29972,29966]} 1. d4 Nf6 2. c4 e6 3. Nc3 Bb4 4. f3 c5 5. d5 Nh5 6. Nh3 {E20: Nimzo-Indian: 4 g3 and 4 f3.} d6 7. g4 Bxc3+ 8. bxc3 {White is slightly better.} e5 9. Nf2 (9. gxh5 Bxh3 10. Bxh3 Qh4+ 11. Kd2 Qxh3 $15) 9... Nf6 {[#]} 10. h4 $146 ({Predecessor:} 10. e3 Qe7 11. Bd3 Nbd7 12. Qc2 e4 13. Bxe4 Ne5 14. g5 Nxe4 15. Qxe4 f5 16. gxf6 Qxf6 {0-1 (27) Khenkin,I (2590)-Prusikin,M (2542) Switzerland 2010}) 10... Nbd7 11. Qc2 h6 12. Rg1 Nf8 13. a4 h5 14. g5 Ng8 15. Rh1 Ng6 16. Ne4 N8e7 17. Ng3 Bd7 18. e3 Qc7 19. a5 O-O-O 20. Bd3 Kb8 21. Bd2 Bc8 22. Kf2 Qd7 23. Rae1 Rde8 24. f4 Qc7 25. f5 e4 $1 {[%cal Re4d3]} 26. Bxe4 Ne5 27. Bd3 Qxa5 (27... g6 $1 $14) 28. Ra1 $36 {[%mdl 2048] Keeping Black busy.} Qc7 29. e4 Bd7 30. Bf4 Nc8 31. Be2 g6 32. Kg2 Nb6 33. Qa2 Nc8 34. Rhf1 b6 35. Rf2 Qd8 36. Qc2 (36. Bd1 $16) 36... Qe7 (36... f6 $14) 37. Raf1 Rhg8 38. Kg1 Rh8 39. Rg2 Rd8 40. Rff2 Rde8 41. Nf1 Rhf8 42. Nd2 Rg8 43. Rf1 Rh8 (43... Qd8 $142) 44. Rg3 (44. f6 $142 Qd8 45. Rg3) 44... Rhg8 (44... f6 $142) 45. Nf3 (45. f6 $16 Qd8 46. Qa2) 45... Ng4 ({Black should try} 45... gxf5 $14 46. exf5 f6) 46. Bd3 $16 Qd8 47. Rxg4 hxg4 {[#]} 48. Nh2 $1 Rh8 (48... Ref8 $16) 49. Qf2 $18 b5 50. cxb5 (50. Nxg4 $18 {Threatens to win with Nf6.} bxc4 51. Rb1+ Ka8 52. Bc2 (52. Qb2 $2 Nb6 $19)) 50... c4 {[#]} ({Black should play} 50... Qa5 $14) 51. Bb1 $1 $16 gxf5 52. exf5 Qb6 53. Nxg4 {And now Nf6 would win.} Rxh4 54. Qxb6+ Nxb6 (54... axb6 $16 55. Nf6 {[%mdl 64] Double Attack} Re7) 55. Nf6 $18 {Bg3 is the strong threat.} ({But not} 55. Bxd6+ $6 Kb7) 55... Re2 {intending ...Kc7.} 56. Bg3 ({Not} 56. Bxd6+ Kb7 $16) 56... Rh3 $2 (56... Rh8 57. g6 Kc7) 57. Bxd6+ Kb7 58. g6 fxg6 59. fxg6 Nxd5 60. Nxd5 (60. Nxd7 $142 Re8 61. g7) 60... Rh5 {Strongly threatening ...Rg5+.} 61. Rd1 Rg5+ 62. Kf1 Rb2 $2 (62... Reg2) 63. Nf4 Bxb5 64. Ne6 Rh5 $2 (64... Rxb1 $18 65. Rxb1 Rxg6 66. Rxb5+ Kc6 67. Nd4+ Kxd6) 65. Be4+ Bc6 66. Nd8+ {[%mdl 64] Double Attack.  Weighted Error Value: White=0.27/Black=0.37} 1-0

[Event "VII Sunway Sitges Open 2020"]
[Site "Sitges"]
[Date "2020.12.15"]
[Round "3.13"]
[White "Toncheva, Nadya"]
[Black "Dragnev, Valentin"]
[Result "0-1"]
[WhiteElo "2321"]
[BlackElo "2564"]
[Annotator "TA"]
[PlyCount "146"]
[EventDate "2020.12.13"]
[EventType "swiss"]
[EventCountry "ESP"]
[SourceTitle "playchess.com"]
[Source "ChessBase"]
[SourceQuality "1"]

{[%evp 33,146,67,64,71,69,69,81,51,113,95,93,65,107,108,138,123,128,80,119,68,40,-14,0,-154,-162,-154,-144,-579,-587,-489,-212,-184,-91,-93,-110,-88,-88,-88,-88,-164,-89,-89,-89,-92,-51,-89,-58,-104,-52,-104,-52,-101,-101,-101,-101,-114,0,-89,-48,-48,-25,-64,-50,-64,-77,-112,-112,-187,-126,-129,-126,-142,-121,-117,0,-142,-142,-142,-142,-142,-116,-178,-118,-124,-118,-264,-272,-264,-252,-233,-237,-237,-237,-209,-186,-185,-95,-428,-277,-413,-310,-291,-277,-393,-399,-612,-470,-1233,-1225,-1168,-1134,-29994,-29995,-29996,-194]} 1. e4 e5 2. Nf3 Nc6 3. Bb5 a6 4. Ba4 Nf6 5. O-O Be7 6. Re1 b5 7. Bb3 O-O 8. c3 d5 9. exd5 Nxd5 10. Nxe5 Nxe5 11. Rxe5 c6 12. d4 Bd6 13. Re1 Qh4 14. g3 Qh3 15. Be3 Bg4 16. Qd3 f5 17. f4 Kh8 18. Bxd5 {C89: Closed Ruy Lopez: Marshall Attack.} cxd5 19. Nd2 Rae8 20. a4 {White is better.} Re6 $5 {[%mdl 4] Exploring less charted territory.} (20... g5 $14 21. Qf1 (21. fxg5 $2 Bxg3 {[%mdl 64] Double Attack} 22. Re2 f4 $19) (21. axb5 gxf4 22. Bxf4 Bxf4 $17) 21... Qxf1+ 22. Nxf1 gxf4 23. Bxf4 Bxf4 24. gxf4 bxa4) 21. Qf1 Qh5 22. axb5 Rh6 $5 {[%csl Gh6][%cal Rh5h2][%mdl 4] Leaves trodden paths.} 23. Qg2 axb5 24. Ra5 Rb8 25. Rea1 Qe8 {[#]} 26. Nf1 $146 (26. Bf2 $1 $16) ({Predecessor:} 26. Qf2 Re6 27. Re1 Qe7 28. Nf3 Bxf3 29. Qxf3 Re4 30. Kf2 Qc7 31. Rea1 b4 32. Ra7 {½-½ (47) Diviak,R (2017)-Darazs,Z (2124) Slovakia 2013}) 26... Re6 27. Qxd5 (27. Re1 $14) 27... Bc7 $11 28. Ra7 $2 ({White has to play} 28. Ra8 $1 $11 Rxe3 29. Nxe3 Qxe3+ 30. Kg2 Qe2+ 31. Kg1 Qe3+ 32. Kg2) 28... Rxe3 $17 29. Rxc7 Bf3 $1 $36 {[%cal Rf3d5][%mdl 2048] Black is really pushing.} 30. Qxf5 $2 {[%mdl 8192]} (30. Qf7 $17 Qxf7 31. Rxf7) 30... Re2 $19 31. Qh3 Qe6 (31... h5 $142 32. g4 Rg2+ 33. Qxg2 Bxg2 34. Kxg2 Qe2+ 35. Kh1 Qf3+ 36. Kg1 Qxg4+ 37. Ng3 h4 {[%mdl 64] Pin}) 32. g4 Rg2+ (32... Bd5 $1 $19 {has better winning chances. ( -> ...Qe4)} 33. Rc5 (33. f5 Qe4 34. Qxh7+ Kxh7 35. Rxg7+ {[%mdl 64] Remove Defender} Kxg7 36. Ra7+ Kh8 37. Rh7+ Kxh7 38. h4 Qh1#) 33... b4) 33. Qxg2 $17 Bxg2 34. Kxg2 Qxg4+ {[%mdl 64] Double Attack} 35. Ng3 Qxf4 36. Raa7 (36. Re7 $17) 36... Rg8 (36... Qd2+ $1 $19 37. Kh3 Rg8) 37. Rf7 Qc1 {[%mdl 1024] Black has strong compensation.} 38. Rf2 Qh6 39. Raf7 Qd6 40. R2f3 h6 (40... b4 $17) 41. R7f5 (41. b4 $15) 41... Rb8 (41... b4 $17) 42. Ne4 Qg6+ 43. Kf2 Kh7 44. Re5 Qg4 (44... b4 $1 $17 {[%cal Rb4c3]} 45. Rg3 Qf7+ 46. Ke3 bxc3 47. bxc3 Rb1) 45. Rf7 (45. d5 $11 {remains equal.}) 45... Qh4+ 46. Kg2 Rb6 47. Ng3 {Hoping for Rxg7+!} Qd8 48. Ree7 Rg6 49. Re5 Qa8+ 50. Kh3 {[#]} (50. Rf3 $17 {might work better.}) 50... Qa2 (50... b4 $1 $19 {[%mdl 512]} 51. Ree7 (51. cxb4 Qc8+) 51... Qa1) 51. Rf2 Qc4 52. Rc5 Qd3 53. Rcf5 Qc4 54. Rc5 $1 {[%cal Rc5c4]} Qe6+ 55. Kg2 Qe4+ 56. Kf1 Qb7 57. Rff5 (57. b4 $17) 57... Rb6 ({Better is} 57... b4 $19 58. Kg1 Qa6) 58. b4 Ra6 59. Rxb5 (59. Kg1 $17 {keeps fighting.}) 59... Ra1+ $19 60. Kf2 {[#]} Ra2+ $1 61. Ke3 {Cut Off at move 61} Qg2 {Strongly threatening ...Qd2+.} 62. Kd3 Qxh2 63. Rf3 Qg2 64. Rbf5 {[#]} Ra1 ({Weaker is} 64... g6 65. Rf7+ Kg8 66. Rf8+ Kh7 67. R3f7#) ({Black should try} 64... Qd2+ $1 $19 65. Kc4 Ra8) 65. d5 $2 {[%mdl 8192]} ({Don't go for} 65. Kc4 $2 Qa2+ 66. Kc5 Qa7+ 67. Kd5 Re1 $19) (65. Ne2 $17 {is more resistant.}) 65... Qa2 {Threatens to win with ...Rd1+.} 66. Kd4 (66. Re3 $142) 66... Qa7+ 67. Kc4 Qa6+ 68. Kd4 (68. Kc5 {is the only way for White.} Rd1 69. Nh5) 68... Rd1+ 69. Ke5 (69. Kc5 $142 Qc8+ 70. Kb5) 69... Qc4 70. Ke6 (70. Kd6 $142 Rd3 71. Nf1 (71. Rxd3 $2 Qxd3 72. Ke6 Qe3+ 73. Re5 Qxg3 $19)) 70... Re1+ 71. Kd6 Re8 {...Rd8+ is the strong threat.} 72. Kd7 Qb5+ 73. Kd6 Qb6+ {Weighted Error Value: White=0.45/Black=0.30} 0-1